header

Creating a winning online exhibition (Record no. 114063)

MARC details
000 -LEADER
fixed length control field 01361nam a2200301 a 4500
100 1# - MAIN ENTRY--AUTHOR NAME
Personal name Kalfatovic, Martin R.,
245 10 - TITLE STATEMENT
Title Creating a winning online exhibition
260 ## - PUBLICATION, DISTRIBUTION, ETC. (IMPRINT)
Place of publication Chicago :
Name of publisher American Library Association,
Year of publication 2002.
300 ## - PHYSICAL DESCRIPTION
Number of Pages xvii, 117 p. :
Other physical details ill.
650 #0 - SUBJECT ADDED ENTRY--TOPICAL TERM
Topical Term Library exhibits
Topical Term Library Web sites
Topical Term Web sites
Topical Term Libraries
856 40 - ELECTRONIC LOCATION AND ACCESS
Uniform Resource Identifier http://site.ebrary.com/lib/rucke/Doc?id=10194677

No items available.

© 2026 Rongo University
Contact us: librarian | system librarian | Rongo university